[Event "EU-chT Seniors"]
[Site "Rogaska Slatina"]
[Date "2012.04.02"]
[Round "7.1"]
[White "Shvedchikov, Anatoli I"]
[Black "Zivkovic, Ljubo"]
[Result "1/2-1/2"]
[WhiteElo "2405"]
[BlackElo "2279"]
[PlyCount "36"]
[EventDate "2012.03.27"]
[EventType "team-swiss"]
[EventRounds "9"]
[EventCountry "SLO"]
[SourceTitle "CBM 147 Extra"]
[Source "ChessBase"]
[SourceDate "2012.04.24"]
[SourceVersion "1"]
[SourceVersionDate "2012.04.24"]
[SourceQuality "1"]
[WhiteTeam "Russia (Seniors)"]
[BlackTeam "Montenegro (Seniors)"]
[WhiteTeamCountry "RUS"]
[BlackTeamCountry "MNE"]

1. c4 Nf6 2. Nc3 e6 3. Nf3 d5 4. d4 Be7 5. Bf4 c6 6. e3 0-0 7. Qc2 b6 8. Be2 Bb7 9. 0-0 Nbd7 10. e4 Nxe4 11. Nxe4 dxe4 12. Qxe4 Nf6 13. Qe3 Re8 14. Rad1 Qc8 15. h3 c5 16. Bg5 Qc7 17. Bf4 Qc8 18. Bg5 Qc7 1/2-1/2

[Event "EU-chT Seniors"]
[Site "Rogaska Slatina"]
[Date "2012.03.29"]
[Round "3.3"]
[White "Zivkovic, Ljubo"]
[Black "Saunina, Ludmila"]
[Result "1/2-1/2"]
[WhiteElo "2279"]
[BlackElo "2300"]
[PlyCount "46"]
[EventDate "2012.03.27"]
[EventType "team-swiss"]
[EventRounds "9"]
[EventCountry "SLO"]
[SourceTitle "CBM 147 Extra"]
[Source "ChessBase"]
[SourceDate "2012.04.24"]
[SourceVersion "1"]
[SourceVersionDate "2012.04.24"]
[SourceQuality "1"]
[WhiteTeam "Montenegro (Seniors)"]
[BlackTeam "Russia (Seniors) II"]
[WhiteTeamCountry "MNE"]
[BlackTeamCountry "RUS"]

1. c4 e6 2. Nf3 Nf6 3. g3 a6 4. Bg2 b5 5. b3 Bb7 6. Bb2 c5 7. 0-0 Be7 8. d3 d5 9. Ne5 0-0 10. Nd2 Nbd7 11. Nxd7 Qxd7 12. cxd5 exd5 13. e4 dxe4 14. Nxe4 Nd5 15. d4 c4 16. Rc1 Rac8 17. Nc5 Qc7 18. bxc4 bxc4 19. Rxc4 Nb6 20. Rc1 Bxg2 21. Kxg2 Qc6+ 22. Qf3 Qb5 23. Qb3 Qc6+ 1/2-1/2

[Event "EU-chT Seniors"]
[Site "Thessaloniki"]
[Date "2011.05.11"]
[Round "9"]
[White "Jamieson, Peter Michael"]
[Black "Zivkovic, Ljubo"]
[Result "1-0"]
[WhiteElo "2277"]
[BlackElo "2270"]
[PlyCount "93"]
[EventDate "2011.05.03"]
[EventType "team-swiss"]
[EventRounds "9"]
[EventCountry "GRE"]
[SourceTitle "CBM 142 Extra"]
[Source "ChessBase"]
[SourceDate "2011.06.27"]
[SourceVersion "1"]
[SourceVersionDate "2011.06.27"]
[SourceQuality "1"]
[WhiteTeam "Scotland"]
[BlackTeam "Montenegro"]
[WhiteTeamCountry "SCO"]
[BlackTeamCountry "MNE"]

1. d4 Nf6 2. Nf3 e6 3. c4 c5 4. g3 cxd4 5. Nxd4 d6 6. Bg2 Be7 7. 0-0 0-0 8. Nc3 a6 9. b3 Qc7 10. Bb2 Nc6 11. Nc2 b6 12. e4 Bb7 13. Ne3 Rad8 14. Qe2 Rfe8 15. Rac1 Qb8 16. Rfd1 Ne5 17. f4 Ng6 18. h4 Qa8 19. h5 Nf8 20. Nf1 h6 21. Re1 N8h7 22. Rcd1 b5 23. Nd2 bxc4 24. Nxc4 d5 25. Na5 d4 26. Na4 Bb4 27. Nxb7 Qxb7 28. Rf1 Qa7 29. e5 d3+ 30. Qf2 Qxf2+ 31. Rxf2 Nxh5 32. Rf3 g5 33. Rfxd3 Rxd3 34. Rxd3 gxf4 35. Rd4 Rb8 36. gxf4 Ng3 37. Kf2 Nf5 38. Rd7 Nf8 39. Ra7 Ng6 40. Be4 Rd8 41. Bxf5 exf5 42. e6 Rd2+ 43. Ke3 Nh4 44. Ra8+ Kh7 45. Rh8+ Kg6 46. Rg8+ Kh5 47. e7 1-0

[Event "EU-chT Seniors"]
[Site "Thessaloniki"]
[Date "2011.05.09"]
[Round "7"]
[White "Zivkovic, Ljubo"]
[Black "Birnboim, Nathan"]
[Result "0-1"]
[WhiteElo "2270"]
[BlackElo "2362"]
[PlyCount "45"]
[EventDate "2011.05.03"]
[EventType "team-swiss"]
[EventRounds "9"]
[EventCountry "GRE"]
[SourceTitle "CBM 142 Extra"]
[Source "ChessBase"]
[SourceDate "2011.06.27"]
[SourceVersion "1"]
[SourceVersionDate "2011.06.27"]
[SourceQuality "1"]
[WhiteTeam "Montenegro"]
[BlackTeam "Israel"]
[WhiteTeamCountry "MNE"]
[BlackTeamCountry "ISR"]

1. c4 e6 2. Nf3 Nf6 3. g3 d5 4. Bg2 Be7 5. d4 0-0 6. 0-0 dxc4 7. Qc2 a6 8. Qxc4 b5 9. Qc2 Bb7 10. Bd2 Nc6 11. Rc1 Nxd4 12. Nxd4 Bxg2 13. Nxe6 Qd7 14. Kxg2 Qxe6 15. Qc6 Bd6 16. Be3 Ng4 17. Bf4 Qxe2 18. Rc2 Qe1 19. h3 Bxf4 20. hxg4 Bd6 21. Qc3 Qd1 22. g5 Rae8 23. Qd2 0-1

[Event "EU-chT Seniors"]
[Site "Thessaloniki"]
[Date "2011.05.06"]
[Round "4"]
[White "Zivkovic, Ljubo"]
[Black "Westerinen, Heikki MJ"]
[Result "1/2-1/2"]
[WhiteElo "2270"]
[BlackElo "2350"]
[PlyCount "25"]
[EventDate "2011.05.03"]
[EventType "team-swiss"]
[EventRounds "9"]
[EventCountry "GRE"]
[SourceTitle "CBM 142 Extra"]
[Source "ChessBase"]
[SourceDate "2011.06.27"]
[SourceVersion "1"]
[SourceVersionDate "2011.06.27"]
[SourceQuality "1"]
[WhiteTeam "Montenegro"]
[BlackTeam "Finland"]
[WhiteTeamCountry "MNE"]
[BlackTeamCountry "FIN"]

1. c4 c6 2. Nf3 d5 3. cxd5 cxd5 4. d4 Nf6 5. Nc3 Nc6 6. g3 Bf5 7. Bg2 e6 8. 0-0 Qb6 9. Na4 Qb5 10. Nc3 Qb6 11. Na4 Qb5 12. Nc3 Qa6 13. Na4 1/2-1/2

[Event "EU-chT Seniors"]
[Site "Thessaloniki"]
[Date "2011.05.04"]
[Round "2"]
[White "Zivkovic, Ljubo"]
[Black "James, Geoffrey H"]
[Result "1/2-1/2"]
[WhiteElo "2270"]
[BlackElo "2207"]
[PlyCount "82"]
[EventDate "2011.05.03"]
[EventType "team-swiss"]
[EventRounds "9"]
[EventCountry "GRE"]
[SourceTitle "CBM 142 Extra"]
[Source "ChessBase"]
[SourceDate "2011.06.27"]
[SourceVersion "1"]
[SourceVersionDate "2011.06.27"]
[SourceQuality "1"]
[WhiteTeam "Montenegro"]
[BlackTeam "England"]
[WhiteTeamCountry "MNE"]
[BlackTeamCountry "ENG"]

1. c4 e5 2. Nc3 Nf6 3. g3 Bb4 4. Bg2 Nc6 5. Nf3 Bxc3 6. dxc3 d6 7. Bg5 h6 8. Bxf6 Qxf6 9. 0-0 0-0 10. Ne1 Qe7 11. Nc2 f5 12. Ne3 Be6 13. Nd5 Qd7 14. f4 e4 15. Ne3 Ne7 16. Qd2 Qc6 17. b3 Rad8 18. Rfd1 d5 19. cxd5 Nxd5 20. c4 Nxe3 21. Qxe3 a5 22. Kf2 Rd6 23. Rd2 Rfd8 24. Rad1 a4 25. Rxd6 Rxd6 26. Rxd6 Qxd6 27. g4 g6 28. gxf5 gxf5 29. Bh3 axb3 30. axb3 c5 31. Qc1 Qd4+ 32. e3 Qd8 33. Bg2 Bf7 34. Qc3 Bh5 35. b4 Qd1 36. bxc5 Qe2+ 37. Kg1 Bf3 38. Bf1 Qd1 39. Qd4 Qe1 40. Qd8+ Kg7 41. Qe7+ Kg8 1/2-1/2